00451nam a22001577a 450000500170000001000130001702000260003003500130005603700090006908200100007810000210008824500490010926000550015827000590021330000210027220210506121717.0 aB-739905 a9788179753453c250.00 aB-739905 bGift a323.5 aLaski, Harold J. aA grammer of politics /cby Harold J. Laski  aNew DelhibAnamika Publishers & Distributorsc2010 a4697/3, 21A, Ansari Road, DaryaganjbNew Delhie110002 a552p.c22cm(pbk)